000 002620000a22000970004500
100 1 _aWiens, Hart
245 1 0 _aSi hablan algoquin, ¿los entenderá Dios?
300 _aVol. 54, Núm 240 (1999), Páginas 32-33
773 0 _tLa Biblia de las Américas
942 _cANA
999 _c51525
_d51525